Романы; Кощей бессмертный; Светослав, вражий питомец; Райна, королевна Болгарская
| Egile nagusia: | |
|---|---|
| Beste egile batzuk: | , |
| Hizkuntza: | errusiera |
| Argitaratua: |
Москва, Современник, 1985
|
| TOC: | Кощей бессмертный; Светослав, вражий питомец; Райна, королевна Болгарская; |
| Saila: | Из наследия |
| Gaiak: | |
| Formatua: | Liburua |
| KOHA link: | https://koha.lib.tpu.ru/cgi-bin/koha/opac-detail.pl?biblionumber=112496 |
MARC
| LEADER | 00000nam0a2200000 4500 | ||
|---|---|---|---|
| 001 | 112496 | ||
| 005 | 20231031121451.0 | ||
| 020 | |a RU |b 85-77328 | ||
| 035 | |a (RuTPU)RU\TPU\book\121637 | ||
| 090 | |a 112496 | ||
| 100 | |a 20070329d1985 m y0rusy5003 ca | ||
| 101 | 0 | |a rus | |
| 102 | |a RU | ||
| 105 | |a a z 000ay | ||
| 200 | 1 | |a Романы |f А. Ф. Вельтман |g сост. В. И. Калугин; авт. послесл. А. П. Богданов | |
| 210 | |a Москва |c Современник |d 1985 | ||
| 215 | |a 524 с. |c 1 л. портр. |d 21 см | ||
| 225 | 1 | |a Из наследия | |
| 464 | |t Кощей бессмертный | ||
| 464 | |t Светослав, вражий питомец | ||
| 464 | |t Райна, королевна Болгарская | ||
| 610 | 1 | |a русская литература | |
| 610 | 1 | |a исторические романы | |
| 675 | |a Р1 |z rus | ||
| 700 | 1 | |a Вельтман |b А. Ф. |g Александр Фомич |4 070 | |
| 702 | 1 | |a Калугин |b В. И. |4 220 | |
| 702 | 1 | |a Богданов |b А. П. |4 075 | |
| 801 | 0 | |a RU |b RuMRKP |c 19950704 |g psbo | |
| 801 | 1 | |a RU |b 63413507 |c 20070329 |g PSBO | |
| 801 | 2 | |a RU |b 63413507 |c 20070329 |g PSBO | |
| 942 | |c BK | ||